Toutes les communes de Metz Métropole - Statistiques

Statistiques générales
  • Ce quiz a été pris 204 fois
  • Le résultat moyen est 17 sur 46
Statistiques - réponses
Commune Population (2023) % Correct
Woippy 14 967
88%
Montigny-lès-Metz 21 718
86%
Metz 122 572
81%
Marly 10 286
76%
Saint-Julien-lès-Metz 3 554
59%
Ars-Laquenexy 934
57%
Ars-sur-Moselle 4 616
57%
Augny 2 207
56%
Moulins-lès-Metz 5 265
56%
Le Ban-Saint-Martin 4 684
53%
Longeville-lès-Metz 4 102
53%
Peltre 1 790
48%
Lorry-Mardigny 683
46%
Plappeville 2 027
46%
Lorry-lès-Metz 1 720
45%
Scy-Chazelles 2 753
42%
Coin-lès-Cuvry 824
36%
Coin-sur-Seille 338
36%
La Maxe 1 056
36%
Cuvry 1 096
35%
Pouilly 963
32%
Jury 1 408
31%
Rozérieulles 1 334
31%
Châtel-Saint-Germain 1 880
30%
Noisseville 1 109
28%
Amanvillers 2 188
27%
Féy 754
27%
Saulny 1 590
27%
Mey 309
26%
Vaux 792
26%
Vantoux 823
25%
Jussy 466
24%
Sainte-Ruffine 623
22%
Gravelotte 817
21%
Laquenexy 1 255
21%
Lessy 794
21%
Saint-Privat-la-Montagne 1 878
21%
Vernéville 715
20%
Chesny 553
19%
Nouilly 719
19%
Vany 478
19%
Chieulles 408
18%
Marieulles 700
17%
Mécleuves 1 196
16%
Pournoy-la-Chétive 610
15%
Roncourt 1 058
13%
Aucun quiz correspondant
Distribution des résultats
% des personnes avec chaque résultat
Percentile par nombre de réponses
Votre historique - résultats
Vous n’avez pas pris ce quiz